000 00214nam a2200097Ia 4500
008 240331s9999 xx 000 0 und d
082 _bILL
100 _aWijesuriya,S
245 0 _aIlankai naadar kathaikal
942 _cL
999 _c3618
_d3618